[Event "Mittelrhein Regionalliga 1920"]
[Site "Mittelrhein"]
[Date "2020.01.19"]
[Round "5.8"]
[White "Jansen, Kurt"]
[Black "Wegener, Marcus"]
[Result "0-1"]
[WhiteElo "1381"]
[BlackElo "1943"]
[PlyCount "97"]
[EventDate "2019.09.29"]
[EventType "team-tourn"]
[EventRounds "9"]
[EventCountry "GER"]
[SourceTitle "EXT 2023"]
[Source "ChessBase"]
[SourceDate "2022.10.05"]
[SourceVersion "1"]
[SourceVersionDate "2022.10.05"]
[SourceQuality "1"]
[WhiteTeam "Koeln Ford SF"]
[BlackTeam "Koeln Porz III"]
[WhiteTeamCountry "GER"]
[BlackTeamCountry "GER"]

1. e4 c5 2. Nc3 Nc6 3. Nf3 g6 4. d3 Bg7 5. Bd2 Rb8 6. Rb1 e6 7. a3 Nge7 8. Be2 d5 9. exd5 exd5 10. 0-0 Bd7 11. Qc1 0-0 12. Bh6 Bxh6 13. Qxh6 Nf5 14. Qg5 Re8 15. Qxd8 Rbxd8 16. Rfe1 Ncd4 17. Bd1 Bc6 18. Kf1 f6 19. Nxd4 Nxd4 20. Ne2 Nxe2 21. Rxe2 d4 22. b3 Kf7 23. f3 f5 24. Rxe8 Rxe8 25. Be2 Kf6 26. h4 f4 27. Kf2 Re5 28. Rg1 Rh5 29. g3 fxg3+ 30. Kxg3 g5 31. hxg5+ Rxg5+ 32. Kf2 Rxg1 33. Kxg1 Kf5 34. Kg2 Kf4 35. Kf2 h5 36. a4 a5 37. Bd1 h4 38. Be2 b6 39. Bd1 h3 40. Be2 h2 41. Kg2 Ke3 42. Bf1 Bxf3+ 43. Kxh2 Bd1 44. Kg3 Bxc2 45. Bg2 Bxb3 46. Bc6 Kxd3 47. Kf4 Kc3 48. Ke4 Bc2+ 49. Kf3 0-1

[Event "Cologne Longerich op-B 12th"]
[Site "Cologne"]
[Date "2013.07.22"]
[Round "5"]
[White "Jansen, Kurt"]
[Black "Schumacher, Markus"]
[Result "0-1"]
[WhiteElo "1460"]
[BlackElo "1283"]
[PlyCount "96"]
[EventDate "2013.07.19"]
[EventType "tourn"]
[EventRounds "5"]
[EventCountry "GER"]
[SourceTitle "EXT 2017"]
[Source "ChessBase"]
[SourceDate "2016.10.25"]
[SourceVersion "1"]
[SourceVersionDate "2016.10.25"]
[SourceQuality "1"]

1. e4 d6 2. d4 Nf6 3. Bd3 g6 4. Ne2 Bg7 5. c3 0-0 6. Ng3 e5 7. d5 c6 8. c4 Bd7 9. 0-0 a5 10. a4 Na6 11. Bg5 Qb6 12. Bc1 Nc5 13. Ra3 cxd5 14. cxd5 Rac8 15. b3 Rc7 16. Be3 Ng4 17. Bxc5 Rxc5 18. Bc4 Qb4 19. Qd2 b5 20. Qxb4 axb4 21. Bxb5 Bxb5 22. axb5 bxa3 23. Nxa3 Rc3 24. Nc4 Rxb3 25. Nxd6 Rd8 26. Nc4 Rxb5 27. f3 Nf6 28. Rd1 Bf8 29. Nxe5 Nd7 30. Nc6 Ra8 31. d6 Ne5 32. Nxe5 Rxe5 33. d7 Rd8 34. Ne2 Re7 35. Nf4 Rexd7 36. Nd5 Kg7 37. Rc1 f5 38. Rc4 Kf7 39. Kf2 fxe4 40. fxe4 Rb8 41. Kf3 Bd6 42. g3 Ke6 43. Rc3 h5 44. h4 Rf7+ 45. Kg2 Rb2+ 46. Kh3 Rff2 47. Nf4+ Kf6 48. Nd5+ Kf7 0-1

[Event "Cologne Longerich op-B 12th"]
[Site "Cologne"]
[Date "2013.07.20"]
[Round "3"]
[White "Jansen, Kurt"]
[Black "Havenith, Michael"]
[Result "0-1"]
[WhiteElo "1460"]
[BlackElo "1667"]
[PlyCount "92"]
[EventDate "2013.07.19"]
[EventType "tourn"]
[EventRounds "5"]
[EventCountry "GER"]
[SourceTitle "EXT 2017"]
[Source "ChessBase"]
[SourceDate "2016.10.25"]
[SourceVersion "1"]
[SourceVersionDate "2016.10.25"]
[SourceQuality "1"]

1. e4 c6 2. Nc3 d5 3. exd5 cxd5 4. d4 Nc6 5. Bb5 Nf6 6. Nge2 a6 7. Bxc6+ bxc6 8. Ng3 e6 9. 0-0 Be7 10. Be3 Rb8 11. b3 0-0 12. Na4 Nd7 13. Bf4 Rb7 14. Re1 c5 15. dxc5 Nxc5 16. Nxc5 Bxc5 17. c3 Bd7 18. b4 Be7 19. a4 Bf6 20. Be5 Bxe5 21. Rxe5 Qc7 22. Qd4 f6 23. Ree1 Rc8 24. Ne2 Qc4 25. Qxc4 Rxc4 26. a5 Rbc7 27. Red1 Kf7 28. Ra3 Bb5 29. Nd4 Rxc3 30. Nxb5 axb5 31. Rxc3 Rxc3 32. Ra1 Rc7 33. Kf1 Ke7 34. Ke2 e5 35. Kd3 f5 36. f3 Kd6 37. g3 g5 38. h4 gxh4 39. gxh4 e4+ 40. fxe4 fxe4+ 41. Ke3 Ke5 42. Rg1 d4+ 43. Kd2 e3+ 44. Ke2 Rc2+ 45. Kd1 d3 46. Rg4 e2+ 0-1

[Event "Cologne Longerich op 09th"]
[Site "Cologne"]
[Date "2012.08.05"]
[Round "3"]
[White "Jansen, Kurt"]
[Black "Plitt, Stefan"]
[Result "1-0"]
[WhiteElo "1413"]
[BlackElo "1652"]
[PlyCount "46"]
[EventDate "2012.08.03"]
[EventType "tourn"]
[EventRounds "5"]
[EventCountry "GER"]
[SourceTitle "EXT 2017"]
[Source "ChessBase"]
[SourceDate "2016.10.25"]
[SourceVersion "1"]
[SourceVersionDate "2016.10.25"]
[SourceQuality "1"]

1. e4 d5 2. exd5 Nf6 3. Nc3 Nxd5 4. Bc4 Nb6 5. Bb3 Nc6 6. Nge2 e5 7. d3 Nd4 8. Nxd4 exd4 9. Qe2+ Be7 10. Ne4 0-0 11. 0-0 Bf5 12. Ng3 Bg6 13. Bd2 Bd6 14. Qf3 c6 15. Rae1 Qc7 16. Re2 Nd7 17. Ree1 Ne5 18. Qd1 Nxd3 19. cxd3 Bxd3 20. Qg4 Bxg3 21. hxg3 g6 22. Bh6 Rfd8 23. Qf3 Qd6 1-0

[Event "Cologne Longerich op 8th"]
[Site "Cologne"]
[Date "2011.08.13"]
[Round "2"]
[White "Jansen, Kurt"]
[Black "Rahmen, Christian"]
[Result "1-0"]
[WhiteElo "1401"]
[BlackElo "1572"]
[PlyCount "93"]
[EventDate "2011.08.12"]
[EventType "swiss"]
[EventRounds "5"]
[EventCountry "GER"]
[SourceTitle "EXT 2017"]
[Source "ChessBase"]
[SourceDate "2016.10.25"]
[SourceVersion "1"]
[SourceVersionDate "2016.10.25"]
[SourceQuality "1"]

1. e4 c5 2. Nf3 d6 3. Nc3 Nf6 4. d4 cxd4 5. Nxd4 a6 6. Bd3 e6 7. 0-0 Qc7 8. Nde2 Nbd7 9. Ng3 b5 10. a3 Bb7 11. Be3 Rc8 12. Rc1 Be7 13. h3 Ne5 14. Be2 Nc4 15. Bxc4 Qxc4 16. Qd3 0-0 17. Qxc4 Rxc4 18. f3 Rfc8 19. Rf2 d5 20. exd5 Nxd5 21. Nxd5 Bxd5 22. c3 Bh4 23. Kh2 f5 24. f4 Rf8 25. Rd2 g5 26. Ne2 Re4 27. Bc5 Rf7 28. g3 gxf4 29. gxh4 Rg7 30. Rg1 Rxg1 31. Bxg1 Bc4 32. Nd4 Kf7 33. Nf3 h6 34. Bd4 Be2 35. Kg2 Kg6 36. Kf2 Bxf3 37. Kxf3 a5 38. Rg2+ Kh5 39. Bf2 b4 40. axb4 axb4 41. cxb4 Rxb4 42. Bc5 Re4 43. Re2 Rxe2 44. Kxe2 Kxh4 45. Kf3 e5 46. Bd6 e4+ 47. Kxf4 1-0

[Event "Cologne Longerich op 8th"]
[Site "Cologne"]
[Date "2011.08.13"]
[Round "3"]
[White "Mass, Elvira"]
[Black "Jansen, Kurt"]
[Result "1-0"]
[WhiteElo "1884"]
[BlackElo "1401"]
[PlyCount "69"]
[EventDate "2011.08.12"]
[EventType "swiss"]
[EventRounds "5"]
[EventCountry "GER"]
[SourceTitle "CBM 144 Extra"]
[Source "ChessBase"]
[SourceDate "2011.10.28"]
[SourceVersion "1"]
[SourceVersionDate "2011.10.28"]
[SourceQuality "1"]

1. Nf3 Nf6 2. g3 e6 3. Bg2 d5 4. 0-0 c5 5. d3 Nc6 6. Nbd2 Be7 7. Re1 0-0 8. e4 dxe4 9. dxe4 e5 10. c3 Be6 11. Ng5 Qd7 12. Nxe6 Qxe6 13. Qe2 a6 14. a4 Rad8 15. f4 exf4 16. gxf4 Qg4 17. Qxg4 Nxg4 18. Nc4 Bh4 19. Rf1 Rd3 20. Bf3 h5 21. h3 Nh6 22. Kh2 g6 23. Be2 Rdd8 24. Be3 Be7 25. f5 Kh7 26. f6 Bd6+ 27. Nxd6 Rxd6 28. Bxc5 Rfd8 29. Bxd6 Rxd6 30. Rad1 Re6 31. Rf4 g5 32. Rff1 Kg6 33. Rd7 b6 34. Bc4 Re5 35. Bd5 1-0

[Event "Cologne Ford op 17th"]
[Site "Cologne"]
[Date "2011.05.02"]
[Round "3"]
[White "Jansen, Kurt"]
[Black "Rozsa, Sandor"]
[Result "0-1"]
[WhiteElo "1363"]
[BlackElo "1670"]
[PlyCount "72"]
[EventDate "2011.04.12"]
[EventType "swiss"]
[EventRounds "7"]
[EventCountry "GER"]
[SourceTitle "EXT 2012"]
[Source "ChessBase"]
[SourceDate "2011.11.24"]
[SourceVersion "1"]
[SourceVersionDate "2011.11.24"]
[SourceQuality "1"]

1. e4 e5 2. Nf3 Nc6 3. Bc4 h6 4. Nc3 Bc5 5. d3 d6 6. h3 a6 7. a3 Nf6 8. b4 Ba7 9. Nd5 Bd7 10. Be3 Bxe3 11. Nxe3 Qe7 12. Nd5 Nxd5 13. Bxd5 Be6 14. Bxc6+ bxc6 15. c4 0-0 16. 0-0 f5 17. exf5 Rxf5 18. Nd2 d5 19. Rc1 Raf8 20. cxd5 cxd5 21. Qc2 Qg5 22. Qc6 R5f6 23. Nf3 Qh5 24. Nh2 Kh8 25. Qxc7 Rg6 26. Ng4 Bxg4 27. hxg4 Rxg4 28. f3 Rh4 29. Kf2 Qg5 30. Qc5 Rd8 31. Qe3 Qh5 32. Rg1 e4 33. g3 d4 34. Qe2 e3+ 35. Kf1 Rh2 36. Rg2 Qh3 0-1

[Event "Cologne Longerich op 6th"]
[Site "Cologne"]
[Date "2009.08.23"]
[Round "4"]
[White "Jansen, Kurt"]
[Black "Fieberg, Christoph"]
[Result "0-1"]
[WhiteElo "1530"]
[BlackElo "1729"]
[PlyCount "82"]
[EventDate "2009.08.21"]
[EventType "swiss"]
[EventRounds "5"]
[EventCountry "GER"]
[SourceTitle "EXT 2012"]
[Source "ChessBase"]
[SourceDate "2011.11.24"]
[SourceVersion "1"]
[SourceVersionDate "2011.11.24"]
[SourceQuality "1"]

1. e4 d6 2. Nc3 e5 3. Bc4 Be7 4. Nd5 Bg5 5. d3 Bxc1 6. Rxc1 c6 7. Ne3 Nf6 8. a4 0-0 9. Ne2 d5 10. exd5 cxd5 11. Bb3 Re8 12. 0-0 Be6 13. Ng3 Nc6 14. c3 Qb6 15. Rb1 Rad8 16. Ba2 Qc5 17. Rc1 a5 18. h3 Qa7 19. Nh5 Nxh5 20. Qxh5 Qc5 21. Ng4 f5 22. Ne3 g6 23. Qh6 f4 24. Ng4 Qe7 25. f3 Rf8 26. Rce1 Rf5 27. Rxe5 Nxe5 28. Re1 Nf7 29. Rxe6 Qxe6 30. Qh4 h5 31. Nh6+ Kg7 32. Nxf5+ Qxf5 33. Qe7 Qe5 34. Qxb7 Qe1+ 35. Kh2 Qg3+ 36. Kg1 Re8 37. Qxf7+ Kxf7 38. Bxd5+ Kf6 39. Be4 Rb8 40. d4 Rxb2 41. Bd3 Qxg2# 0-1

[Event "Cologne-ch 05"]
[Site "Cologne"]
[Date "2004.12.04"]
[Round "1"]
[White "Jansen, Kurt"]
[Black "Gerdau, Andreas"]
[Result "0-1"]
[WhiteElo "1480"]
[BlackElo "1968"]
[PlyCount "116"]
[EventDate "2004.12.04"]
[EventType "swiss"]
[EventRounds "7"]
[EventCountry "GER"]
[SourceTitle "EXT 2006"]
[Source "ChessBase"]
[SourceDate "2005.11.24"]
[SourceVersion "1"]
[SourceVersionDate "2005.11.24"]
[SourceQuality "1"]

1. e4 e5 2. Nf3 Nc6 3. Nc3 Nf6 4. Bc4 Bc5 5. d3 h6 6. h3 a6 7. a3 d6 8. b4 Ba7 9. Nd5 0-0 10. 0-0 Kh8 11. Be3 Nxd5 12. Bxd5 Ne7 13. Bxa7 Rxa7 14. Bb3 f5 15. Nd2 c6 16. exf5 Nxf5 17. Ne4 d5 18. Ng3 b6 19. Nxf5 Bxf5 20. Qd2 Qf6 21. Qe3 Raf7 22. Rae1 e4 23. dxe4 Bxe4 24. f3 Bf5 25. Qe5 Qg6 26. Qh2 Bxc2 27. Bxc2 Qxc2 28. Qe5 Qd3 29. Qe3 Qxe3+ 30. Rxe3 Rc7 31. Rd3 Re8 32. Kf2 Kg8 33. Rc1 Rec8 34. Ke3 Kf7 35. Kd4 Ke6 36. Re3+ Kd6 37. Rce1 c5+ 38. bxc5+ bxc5+ 39. Kd3 Rc6 40. Re6+ Kc7 41. Re7+ Kb6 42. Rxg7 Rd8 43. Ree7 Kb5 44. Rd7 c4+ 45. Kc3 Rxd7 46. Rxd7 Kc5 47. f4 Rb6 48. Rc7+ Kd6 49. Rh7 Rb3+ 50. Kc2 Rxa3 51. Rxh6+ Kc5 52. g4 d4 53. Rh5+ Kb4 54. Rh6 Ra2+ 55. Kb1 Rf2 56. Rxa6 d3 57. Kc1 c3 58. Rb6+ Kc5 0-1

[Event "Cologne-ch"]
[Site "Cologne"]
[Date "2003.04.05"]
[Round "6"]
[White "Wunderlich, Fabian"]
[Black "Jansen, Kurt"]
[Result "0-1"]
[WhiteElo "1391"]
[BlackElo "1513"]
[PlyCount "100"]
[EventDate "2003.04.??"]
[EventType "swiss"]
[EventRounds "7"]
[EventCountry "GER"]
[SourceTitle "EXT 2005"]
[Source "ChessBase"]
[SourceDate "2004.11.15"]
[SourceVersion "1"]
[SourceVersionDate "2004.11.15"]
[SourceQuality "1"]

1. Nf3 d5 2. d4 Nf6 3. c4 e6 4. cxd5 exd5 5. Nc3 Nc6 6. Bg5 Be7 7. e3 a6 8. Bd3 Bg4 9. h3 Bh5 10. 0-0 h6 11. Bh4 0-0 12. Be2 Re8 13. Bxf6 Bxf6 14. Qb3 Na5 15. Qxd5 Qxd5 16. Nxd5 Bd8 17. Rac1 c6 18. Nf4 Bxf3 19. Bxf3 Be7 20. Nd3 b5 21. Bxc6 Nxc6 22. Rxc6 b4 23. Rfc1 a5 24. b3 a4 25. bxa4 Rxa4 26. Rc8 Kf8 27. Rxe8+ Kxe8 28. Rc4 Rxa2 29. Nxb4 Ra4 30. Rc8+ Kd7 31. Rb8 Bxb4 32. Rb7+ Ke6 33. Kf1 g6 34. Ke2 Kf6 35. Rb6+ Kg7 36. d5 Kf8 37. e4 Ra2+ 38. Kf3 Bc5 39. Rb8+ Kg7 40. Rc8 Rxf2+ 41. Kg3 Rc2 42. Kf3 Rc3+ 43. Ke2 Bb4 44. Rxc3 Bxc3 45. g4 Kf6 46. Kf3 Ke5 47. Ke3 Bb4 48. Kd3 Bf8 49. Ke3 Bc5+ 50. Kf3 g5 0-1

[Event "Cologne-ch"]
[Site "Cologne"]
[Date "2003.03.22"]
[Round "4"]
[White "Jansen, Kurt"]
[Black "Zegners, Dainis"]
[Result "0-1"]
[WhiteElo "1513"]
[BlackElo "1237"]
[PlyCount "76"]
[EventDate "2003.04.??"]
[EventType "swiss"]
[EventRounds "7"]
[EventCountry "GER"]
[SourceTitle "EXT 2005"]
[Source "ChessBase"]
[SourceDate "2004.11.15"]
[SourceVersion "1"]
[SourceVersionDate "2004.11.15"]
[SourceQuality "1"]

1. e4 e6 2. d4 d5 3. exd5 exd5 4. Nc3 Nf6 5. Bg5 Be7 6. Bd3 0-0 7. Nf3 c6 8. 0-0 Bg4 9. h3 Bh5 10. Re1 Re8 11. Re3 Nbd7 12. Qd2 Bxf3 13. Rxf3 Ne4 14. Nxe4 dxe4 15. Bxe7 Rxe7 16. Bxe4 Rxe4 17. Rg3 Qf6 18. c3 Rae8 19. Qd3 Re1+ 20. Rxe1 Rxe1+ 21. Kh2 Qxf2 22. Rf3 Qe2 23. Qf5 Qe6 24. Qf4 Qe7 25. Qc7 Nf6 26. Qb8+ Ne8 27. Qf4 Qd6 28. Qxd6 Nxd6 29. Rf2 Kf8 30. Rc2 Rd1 31. Re2 Nc4 32. b3 Rd2 33. Re4 Nd6 34. Re5 Rxa2 35. c4 Rd2 36. d5 cxd5 37. cxd5 Rd3 38. b4 Rd4 0-1